Coronación

Salvato in:
Dettagli Bibliografici
Autore principale: Donoso, José (Autore)
Natura: Libro
Lingua:spagnolo
Pubblicazione: Santiago Zig-Zag 1984
Serie:Biblioteca Los grandes de la literatura chilena, 2
Soggetti:
Tags: Aggiungi Tag
Nessun Tag, puoi essere il primo ad aggiungerne!!

MARC

LEADER 00000nam a2200000 a 4500
001 UCW7772
003 CL-VaPUC
008 930901e19840000CL |||||||||||||||||spa|d
082 0 4 |a Ch863  |b DON  |2 21 
100 0 |a Donoso, José  |e author  |9 312982 
245 1 0 |a Coronación 
300 |a 191 p 
942 |c BK 
945 |d 19930901 00:00:00 
260 |a Santiago  |b Zig-Zag  |c 1984 
650 0 |a Novelas chilenas   |9 265425 
583 |a last modification  |c 20180726 10:37:38  |k Rodrigo Vera 
490 0 |a Biblioteca Los grandes de la literatura chilena, 2 
999 |c 220433  |d 220431 
952 |0 0  |1 0  |4 0  |6 CH_863_000000000000000_DON_1984  |7 0  |8 A  |9 212650  |a BIBEDU  |b BIBEDU  |d 2019-11-15  |i 2808285  |o Ch863 DON 1984  |p 2808285  |r 2019-11-15  |w 2019-11-15  |y BK  |k LIT